<?xml version="1.0" encoding="UTF-8"?><marc:collection xmlns:marc="http://www.loc.gov/MARC21/slim">
  <marc:record>
    <marc:leader>00000nam##2200000za#4500</marc:leader>
    <marc:controlfield tag="001">9.572137</marc:controlfield>
    <marc:controlfield tag="003">CaOODSP</marc:controlfield>
    <marc:controlfield tag="005">20220111083046</marc:controlfield>
    <marc:controlfield tag="007">cr |||||||||||</marc:controlfield>
    <marc:controlfield tag="008">150406|1990||||xxc|||||o    f|0| 0 eng|d</marc:controlfield>
    <marc:datafield tag="022" ind1=" " ind2=" ">
      <marc:subfield code="a">1928-6414</marc:subfield>
    </marc:datafield>
    <marc:datafield tag="040" ind1=" " ind2=" ">
      <marc:subfield code="a">CaOODSP</marc:subfield>
      <marc:subfield code="b">eng</marc:subfield>
    </marc:datafield>
    <marc:datafield tag="043" ind1=" " ind2=" ">
      <marc:subfield code="a">n-cn---</marc:subfield>
    </marc:datafield>
    <marc:datafield tag="086" ind1="1" ind2=" ">
      <marc:subfield code="a">NE22-1/1990-6E-PDF</marc:subfield>
    </marc:datafield>
    <marc:datafield tag="110" ind1="1" ind2=" ">
      <marc:subfield code="a">Canada. </marc:subfield>
      <marc:subfield code="b">National Energy Board.</marc:subfield>
    </marc:datafield>
    <marc:datafield tag="245" ind1="1" ind2="0">
      <marc:subfield code="a">Reasons for decision in the matter of Esso Resources Canada Limited ... and in the matter of CanStates Gas Marketing and Transco Energy Marketing Company, FSC Resources Limited, Ramarro Resources Inc., Vector Energy Inc., Western Gas Marketing Limited : </marc:subfield>
      <marc:subfield code="h">[electronic resource]</marc:subfield>
      <marc:subfield code="b">application under Part I of the National Energy Board Act for a change, alteration, or variation of licence GL-82 ... application under Part VI of the National Energy Board Act for licences to export natural gas </marc:subfield>
    </marc:datafield>
    <marc:datafield tag="246" ind1="1" ind2=" ">
      <marc:subfield code="i">Variant title : </marc:subfield>
      <marc:subfield code="a">CanStates Gas Marketing and Transco Energy Marketing Company, Esso Resources Canada Limited, FSC Resources Limited, Ramarro Resources Inc., Vector Energy Inc., Western Gas Marketing Limited</marc:subfield>
    </marc:datafield>
    <marc:datafield tag="260" ind1=" " ind2=" ">
      <marc:subfield code="a">Ottawa - Ontario : </marc:subfield>
      <marc:subfield code="b">National Energy Board </marc:subfield>
      <marc:subfield code="c">July 1990.</marc:subfield>
    </marc:datafield>
    <marc:datafield tag="300" ind1=" " ind2=" ">
      <marc:subfield code="a">94p.</marc:subfield>
      <marc:subfield code="b">graphs, tables</marc:subfield>
    </marc:datafield>
    <marc:datafield tag="490" ind1="1" ind2=" ">
      <marc:subfield code="a">Reasons for decision</marc:subfield>
      <marc:subfield code="x">1928-6414</marc:subfield>
      <marc:subfield code="v">GH-6-89</marc:subfield>
    </marc:datafield>
    <marc:datafield tag="500" ind1=" " ind2=" ">
      <marc:subfield code="a">The catalogue number (NE22-1/1990-6E) and ISBN (0-662-18049-6) for the print edition have been incorrectly copied in this electronic publication.</marc:subfield>
    </marc:datafield>
    <marc:datafield tag="590" ind1=" " ind2=" ">
      <marc:subfield code="a">12-04-Supp</marc:subfield>
      <marc:subfield code="b">2012-02-20</marc:subfield>
    </marc:datafield>
    <marc:datafield tag="775" ind1="0" ind2="8">
      <marc:subfield code="t">Motifs de décision relativement à Esso Ressources Canada Limitée ... et relativement à CanStates Gas Marketing and Transco Energy Marketing Company, FSC Resources Limited, Ramarro Resources Inc., Vector Energy Inc., Western Gas Marketing Limited : </marc:subfield>
      <marc:subfield code="w">(CaOODSP)9.602549</marc:subfield>
    </marc:datafield>
    <marc:datafield tag="830" ind1="#" ind2="0">
      <marc:subfield code="a">Reasons for decision (Canada. National Energy Board)</marc:subfield>
      <marc:subfield code="x">1928-6414</marc:subfield>
      <marc:subfield code="v">GH-6-89</marc:subfield>
      <marc:subfield code="w">(CaOODSP)9.504480</marc:subfield>
    </marc:datafield>
    <marc:datafield tag="856" ind1="4" ind2="0">
      <marc:subfield code="a">http://publications.gc.ca</marc:subfield>
      <marc:subfield code="q">PDF</marc:subfield>
      <marc:subfield code="s">305 KB</marc:subfield>
      <marc:subfield code="u">https://publications.gc.ca/collections/Collection/NE22-1-1990-6E.pdf</marc:subfield>
      <marc:subfield code="y">GH-6-89</marc:subfield>
    </marc:datafield>
  </marc:record>
</marc:collection>
